000 00606cam a22002052 4500
001 0000001545
005 20151217161130.0
008 070315s xx 000 0 eng d
020 _a0830814081 :
040 _aKABU
_cKABU
050 0 _aBS2341.2
_b.K44
100 1 _aKeener, Craig S.
_@0000150375
245 1 4 _aThe IVP Bible background commentary :
_bNew Testament.
260 _aDowner Grover :
_bIntervarsity Press,
_c1993.
300 _a831 p.
630 0 0 _aBible. N.T.
_xCommentaries.
_@0000149244
908 _a070315
950 _@1
999 _c14885
_d14885